00301 a2200109 4500001001000000005001700010008004100027245002900068100002900097773004800126999001700174ART_1752120260410161750.0260409a 10aThe age of discontinuity1 aDrucker, Peter Ferdinand0 tBook Summaryg- NÂș 13 (ene. 2010)wREV4099 c19584d19584